Miasta leżące po dwóch stronach Odry - Statystyki

Ogólne statystyki
  • Ten quiz został rozwiązany 68 razy
  • Średni wynik to 7 z 14
Statystyki odpowiedzi
Województwo/kraj Liczba ludności Miasto % Poprawnych
opolskie 128 208 Opole
92%
dolnośląskie 641 607 Wrocław
91%
zachodniopomorskie 402 100 Szczecin
84%
opolskie 55 750 Kędzierzyn-Koźle
67%
Republika Czeska 293 531 Ostrawa
64%
opolskie 36 110 Brzeg
55%
lubuskie/Niemcy 74 689 (łącznie) Słubice
53%
śląskie 55 189 Racibórz
52%
dolnośląskie 32 927 Oława
50%
dolnośląskie 68 179 Głogów
47%
zachodniopomorskie 21 393 Gryfino
34%
lubuskie 11 597 Krosno Odrzańskie
27%
opolskie 11 733 Zdzieszowice
14%
Republika Czeska 7 467 Odry
8%
Nie znaleziono quizów pasujących do podanych kryteriów
Rozkład punktacji
Procent ludzi z każdym wynikiem
Percentyl według liczby udzielonych odpowiedzi
Twoja historia wyników
Nie rozwiązałeś tego quizu